Presidents Without Vowels - Statistics

General Stats
  • This quiz has been taken 36 times
  • The average score is 39 of 45
Answer Stats
Hint Answer % Correct
ndrw Jhnsn Andrew Johnson
100%
Brck bm Barack Obama
100%
Bnjmn Hrrsson Benjamin Harrison
100%
Grg Wshngtn George Washington
100%
Grg W. Bsh George W. Bush
100%
Thdr Rsvlt Theodore Roosevelt
100%
Dnld Trmp Donald Trump
97%
Frnkln D. Rsvlt Franklin D. Roosevelt
97%
Grg H.W. Bsh George H.W. Bush
97%
Hrr S. Trmn Harry S. Truman
97%
ndrw Jcksn Andrew Jackson
94%
Bll Clntn Bill Clinton
94%
Jmmy Crtr Jimmy Carter
94%
Rchrd Nxn Richard Nixon
94%
Rnld Rgn Ronald Reagan
94%
Wrrn G. Hrdng Warren G. Harding
94%
lsss S. Grnt Ulysses S. Grant
91%
Wllam Hwrd Tft William Howard Taft
91%
Wdrw Wlsn Woodrow Wilson
91%
brhm Lncln Abraham Lincoln
88%
Dwght D. snhwr Dwight D. Eisenhower
88%
Jms Bchnn James Buchanan
88%
Jhn F. Knnd John F. Kennedy
88%
Lndn B. Jhnsn Lyndon B. Johnson
88%
Wllm Hnr Hrrsn William Henry Harrison
88%
Grld Frd Gerald Ford
85%
Grvr Clvlnd Grover Cleveland
85%
Jms Grfld James A. Garfield
85%
Jms K. Plk James K. Polk
85%
Jms Mdsn James Madison
85%
Jms Mnr James Monroe
85%
J Bdn Joe Biden
85%
Rthrfrd B. Hys Rutherford B. Hayes
85%
Hrbrt Hvr Herbert Hoover
82%
Thms Jffrsn Thomas Jefferson
82%
Clvn Cldg Calvin Coolidge
79%
Jhn dms John Adams
79%
Mrtn Vn Brn Martin Van Buren
79%
Chstr rthr Chester A. Arthur
76%
Jhn Qnc dms John Quincy Adams
76%
Mllrd Fllmr Millard Fillmore
76%
Zchr Tlr Zachary Taylor
76%
Wllm McKnl William McKinley
73%
Frnkln Prc Franklin Pierce
70%
Jhn Tlr John Tyler
67%
No matching quizzes found
Score Distribution
Percent of People with Each Score
Percentile by Number Answered
Your Score History
You have not taken this quiz